|
|
|
|
| LEADER |
00000nam a22000007a 4500 |
| 005 |
20190919000155.0 |
| 007 |
cr|||| |||| |
| 008 |
190919s2019 ug |||||s|||| 00||0 eng d |
| 020 |
|
|
|a 9786200100238
|
| 035 |
|
|
|a 29429
|
| 040 |
|
|
|a vLex
|
| 090 |
|
|
|c 9573
|d 9573
|
| 100 |
1 |
|
|a Kyamazima, Monica
|
| 245 |
1 |
0 |
|a Should Morality Be legislated?
|h [Recurso electrn̤ico] /
|c Monica Kyamazima
|
| 256 |
|
|
|a Servicio en ln̕ea
|
| 260 |
|
|
|a Kampala:
|b Lambert Academic Publishing,
|c 2019
|
| 300 |
|
|
|a 1 recurso electrn̤ico
|
| 500 |
|
|
|a The aim of the book was to present the true causes of homosexuality and homophobia so that alternative solutions could be identified. This is because owing to international pressure the Bill did not make it far in the process of enactment. And recognizing the fact that Uganda as a country was nowhere near accepting the homosexual lifestyle as a part of life, there was a need to come up with new human rights friendly strategies to combat homosexuality. The research was carried out in Kampala city center and in Mukono Town Council where the most heated of the pro-V-anti homosexual debates were. The results showed that methods such as early education against homosexuality among children and reparative therapy, faith-based counseling and rehabilitation were better alternatives to criminalizing homosexuality.
|
| 506 |
1 |
|
|a Disponible solo en los productos indicados
|d vLex Global
|d vLex Global (Academic Edition, excluding Law Schools)
|d vLex Global (U.S. Academic Edition, Law Schools)
|d vLex Global (U.S. Academic Edition, excluding Law Schools)
|d vLex Global (Academic Edition, Law Schools)
|
| 650 |
0 |
4 |
|a Derecho Pb︢lico y Administrativo
|z Uganda
|
| 740 |
0 |
|
|a vLex Libros (Servicio en ln̕ea)
|
| 856 |
4 |
0 |
|u http://vlex.com/source/29429
|z Acceso restringido
|
| 942 |
|
|
|c BOOK
|
| 999 |
0 |
|
|a Public and Administrative Law
|